00425nam a2200181Ia 4500003000400000005001700004008004100021020001500062040000700077041000800084082001900092100002000111245004000131250000600171260003700177300001600214365001300230OSt20230615100408.0210423s2010 xx 000 0 und d a8184480857 cAL aeng a615.1 TRIK223 aTRIPATHI (K D). aEssentials of medical pharmacology. a6 aNew DelhibJaypee Brothersc2010 axvi,940bHB b825cINR